Presencia de la Corporación Provincial en las solemnidades de la Semana Santa : el Presidente accidental, en la procesión de Tarragona el Presidente accidental, en la procesión de Tarragona
Descripción Física:
Il·lustracions
Colección:
San Jorge,
; núm. 10 (abril 1953), pàg 69
Materias:
Setmana Santa
Idioma:
Español
MARC
| LEADER | 00000naa a2200000 a 4500 | ||
|---|---|---|---|
| 003 | Arxiu | ||
| 005 | 20260324181026.0 | ||
| 008 | 160829s1953 spcaxx s spa c | ||
| 040 | |a agdb | ||
| 245 | 0 | 0 | |a Presencia de la Corporación Provincial en las solemnidades de la Semana Santa : |b el Presidente accidental, en la procesión de Tarragona |
| 300 | |b Il·lustracions | ||
| 490 | |a San Jorge, |v núm. 10 (abril 1953), pàg 69 | ||
| 650 | 0 | |a Setmana Santa |9 21361 |2 Arxiu | |
| 773 | |g Núm. 10 (abril 1953), pàg 69 |t San Jorge. | ||
| 901 | |a Arxiu | ||
| 942 | |n 1 |2 udc | ||
| 952 | |0 0 |1 0 |2 udc |4 0 |6 REV508 |7 1 |9 64373 |a Arxiu |b Arxiu |d 2022-11-25 |o Rev-508 |r 2022-11-25 00:00:00 |w 2022-11-25 |y ARXIU |z També disponible a Rev-522 | ||
| 999 | |c 44000 |d 44000 | ||